Neuropsychology of cardiovascular disease : edited by Shari R. Waldstein and Merrill F. Elias.

Other Authors: Waldstein, Shari R., Elias, Merrill F.
Edition: Second edition.
Subjects:
Online Access: http://library.unisel.edu.my/web/guest/mylibrary
LEADER 01114cam a2200289 7i4500
001 0000060251
005 20210816090000.0
020 |a 9781315851877 (electronic book)  
090 0 0 |a RC455.4.B5   |b N48 2015 
245 0 0 |a Neuropsychology of cardiovascular disease :   |b edited by Shari R. Waldstein and Merrill F. Elias. 
250 |a Second edition. 
264 |a New York, NY:   |b Psychology Press,   |c 2015. 
300 |a 1 online resource (xvi, 588 pages):   |b illustrations, text file, PDF. 
336 |a text  |2 rdacontent 
337 |a computer  |2 rdamedia 
338 |a online resource  |2 rdacarrier 
650 0 |a Neurologic manifestations of general diseases  
650 0 |a Neurobehavioral disorders  
655 0 |a Electronic books 
700 1 |a Waldstein, Shari R.  
700 1 |a Elias, Merrill F.  
856 4 2 |u http://library.unisel.edu.my/web/guest/mylibrary 
997 |a Education & Social Sciences, Faculty  |b Social Sciences, Department 
997 |a Health Sciences, Faculty 
998 |a Industrial Psychology, Degree 
998 |a Medical Imaging, Diploma 
999 |a EBO0006426  |b EBOOK  |c EBOOK  |e Electronic resources